Cardiovascular diseases and life-style after 65

Bibliographic Details
Main Authors: Stolz, Ivo, 1932- (Author), Chrástek, J. (Author)
Format: Article
Language:Slovak
English
ISSN:1335-1850
Subjects:

MARC

LEADER 00000nab a2200000 a 4500
001 vtls000744108
003 SK-MaSNL
005 20260304131547.0
008 250429c2000 xo 0 slo
015 |a SNBRB2001/02-03807 
035 |a CLN000095945 
035 |a urn:nbn:sk:snk-abkrp 
035 |a (urnnbn)urn:nbn:sk:snk:ar-a05csw 
035 |a (uuid)a6daa122-b773-4877-82b7-ae6b5789ff32 
040 |a SNKBUCL  |b slo  |c SNKBUCL  |e AACR2 
041 0 |a eng 
044 |a xo  |c SK 
080 |a 616.12-053.9:613.98  |2 1997 
100 1 |a Stolz, Ivo,  |d 1932-  |4 aut  |9 224488 
245 1 0 |a Cardiovascular diseases and life-style after 65  |c I. Stolz, J. Chrástek 
246 1 1 |a Kardiovaskulárne ochorenia a životný štýl po 65 
610 2 7 |a Slovenská gerontologická a geriatrická spoločnosť  |2 SNK  |9 267490 
648 7 |a 22.-24.2000  |2 snkbucl  |9 1445008 
650 0 7 |a kardiovaskulárne choroby  |2 SNKPH  |9 2500 
650 0 7 |a životný štýl  |2 SNKPH  |9 1704 
650 0 7 |a národné zdravotnícke programy  |2 SNK  |9 1319947 
651 7 |a Európa  |2 SNKPHgeo  |9 167569 
655 7 |a abstrakty  |2 SNK  |9 22516 
655 7 |a články z novín a časopisov  |2 SNK  |9 267496 
700 1 |a Chrástek, J.  |4 aut  |9 1122182 
773 0 |t Geriatria  |g Roč. 6, č. 2 (2000), s. 16, 61  |x 1335-1850 
850 |a Slovenská národná knižnica 
852 |a Slovenská národná knižnica 
954 |a odborná, vedecká literatúra cudzojazyčná (svetová)  |2 lita 
958 |a article27 
958 |a MI 
958 |a OND 
958 |a EUIPO 
999 |c 2897140  |d 2899070